[Event "Mulhouse 2010 - IM"]
[Site "Mulhouse"]
[Date "2010.??.??"]
[Round "3.2"]
[White "Genzling, Alain"]
[Black "Ider, Borya"]
[Result "1/2-1/2"]
[WhiteElo "2405"]
[BlackElo "2284"]
[PlyCount "68"]
[EventDate "2010.07.??"]
[EventType "tourn"]
[EventCountry "FRA"]
[EventCategory "4"]
[WhiteTeamCountry "FRA"]
[BlackTeamCountry "FRA"]

1. e4 e6 2. d4 d5 3. Nc3 Bb4 4. e5 Ne7 5. Bd2 c5 6. Nb5 Bxd2+ 7. Qxd2 O-O 8. f4
a6 9. Nd6 Qb6 10. c3 cxd4 11. cxd4 Nbc6 12. Nf3 Nf5 13. Nxf5 exf5 14. Be2 Be6
15. O-O Rfc8 16. Rac1 Rc7 17. Rc3 Rac8 18. Rfc1 g6 19. Kf1 Kg7 20. Kf2 h6 21.
h4 h5 22. Ke3 Na5 23. Rxc7 Rxc7 24. Rxc7 Qxc7 25. Qc3 Qxc3+ 26. bxc3 Kf8 27.
Nd2 Ke7 28. Bf3 b5 29. Kd3 Nc4 30. Nb3 Kd8 31. Nc5 a5 32. Kc2 Kc7 33. Kd3 Kb6
34. Kc2 Kc7 1/2-1/2

[Event "Mulhouse 2010 - IM"]
[Site "Mulhouse"]
[Date "2010.07.??"]
[Round "4"]
[White "Hassler, Franck"]
[Black "Genov, Petar"]
[Result "1/2-1/2"]
[WhiteElo "2213"]
[BlackElo "2438"]
[PlyCount "48"]
[EventDate "2010.07.??"]
[EventType "tourn"]
[EventCountry "FRA"]
[EventCategory "4"]
[WhiteTeamCountry "FRA"]
[BlackTeamCountry "FRA"]

1. d4 Nf6 2. c4 g6 3. Nc3 Bg7 4. e4 O-O 5. Bd3 d6 6. Nge2 e5 7. d5 a5 8. O-O
Na6 9. f3 Ne8 10. a3 Bd7 11. Be3 f5 12. exf5 gxf5 13. f4 Nf6 14. h3 Nh5 15. Qd2
b6 16. Bc2 Qh4 17. Rf3 Nc5 18. Raf1 e4 19. R3f2 a4 20. Bd4 Rf7 21. Kh2 Nf6 22.
g3 Qh5 23. Kg2 Qg6 24. Kh2 h5 1/2-1/2

[Event "Mulhouse 2010 - IM"]
[Site "Mulhouse"]
[Date "2010.07.??"]
[Round "5"]
[White "Hassler, Franck"]
[Black "Ider, Borya"]
[Result "0-1"]
[WhiteElo "2213"]
[BlackElo "2284"]
[PlyCount "64"]
[EventDate "2010.07.??"]
[EventType "tourn"]
[EventCountry "FRA"]
[EventCategory "4"]
[WhiteTeamCountry "FRA"]
[BlackTeamCountry "FRA"]

1. d4 e6 2. Nf3 Nf6 3. e3 b6 4. Bd3 Bb7 5. O-O Be7 6. Nbd2 c5 7. e4 cxd4 8. e5
Nd5 9. Nxd4 f5 10. exf6 Nxf6 11. Re1 Nc6 12. Nxc6 Bxc6 13. Ne4 O-O 14. Nxf6+
Rxf6 15. Qh5 g6 16. Qg4 Qf8 17. Be3 Bc5 18. Qg3 Bxe3 19. Rxe3 Qb4 20. b3 Raf8
21. Rf1 Qd2 22. Re2 Qa5 23. a4 Qb4 24. f3 Qc5+ 25. Kh1 Qh5 26. Re5 Qh6 27. Rg5
Qg7 28. h4 Qf7 29. h5 Kg7 30. Qe5 Kh6 31. Re1 Rxf3 32. Kg1 Rxd3 0-1

[Event "Mulhouse 2010 - IM"]
[Site "Mulhouse"]
[Date "2010.07.??"]
[Round "6.1"]
[White "Genov, Petar"]
[Black "Bensdorp, Marlies"]
[Result "1-0"]
[WhiteElo "2438"]
[BlackElo "2309"]
[PlyCount "91"]
[EventDate "2010.07.??"]
[EventType "tourn"]
[EventCountry "FRA"]
[EventCategory "4"]
[WhiteTeamCountry "FRA"]
[BlackTeamCountry "FRA"]

1. c4 e6 2. Nc3 d5 3. d4 Be7 4. cxd5 exd5 5. Bf4 c6 6. e3 Bf5 7. Nge2 Nf6 8.
Ng3 Be6 9. Bd3 O-O 10. Nf5 Bxf5 11. Bxf5 Nbd7 12. Qc2 Re8 13. O-O-O Nf8 14. h4
a5 15. g4 N6d7 16. Kb1 b5 17. f3 Ra6 18. e4 Nb6 19. exd5 Nxd5 20. Nxd5 cxd5 21.
Bd3 Qb6 22. a4 Raa8 23. Bxb5 Rec8 24. Qe2 Ne6 25. Be5 Bf8 26. Qe3 Nc7 27. Bxc7
Rxc7 28. Rc1 Rac8 29. Rxc7 Rxc7 30. Qe5 Qb7 31. h5 Re7 32. Qf4 Re6 33. Rc1 Bd6
34. Qd2 Bb4 35. Qc2 Qa7 36. Qc8+ Bf8 37. Rc5 Re1+ 38. Ka2 Rd1 39. Qd8 Qe7 40.
Qxe7 Bxe7 41. Rc8+ Bf8 42. Ra8 Rxd4 43. Rxa5 Rf4 44. Ra8 g5 45. a5 f5 46. Rxf8+
1-0

[Event "Mulhouse 2010 - IM"]
[Site "Mulhouse"]
[Date "2010.07.??"]
[Round "6.6"]
[White "Genzling, Alain"]
[Black "Riff, Vincent"]
[Result "1-0"]
[WhiteElo "2405"]
[BlackElo "2332"]
[PlyCount "67"]
[EventDate "2010.07.??"]
[EventType "tourn"]
[EventCountry "FRA"]
[EventCategory "4"]
[WhiteTeamCountry "FRA"]
[BlackTeamCountry "FRA"]

1. e4 c5 2. Nc3 Nc6 3. Bb5 Nd4 4. Bc4 e6 5. Nge2 a6 6. d3 b5 7. Bb3 Nxb3 8.
axb3 Bb7 9. O-O Nf6 10. Bg5 Be7 11. f4 d6 12. f5 e5 13. Bxf6 Bxf6 14. Ng3 Qb6
15. Kh1 O-O-O 16. Nd5 Bxd5 17. exd5 e4 18. Nxe4 Bxb2 19. Rb1 Be5 20. b4 c4 21.
dxc4 bxc4 22. Nd2 Qb5 23. Qg4 Qxd5 24. Nxc4 Qd4 25. Nxe5 dxe5 26. Qe2 Kb7 27.
Ra1 Rd6 28. Rad1 Qb6 29. Qxe5 Rhd8 30. Rxd6 Rxd6 31. Qxg7 Qb5 32. Qxf7+ Kb6 33.
Kg1 Qe2 34. Qb3 1-0

[Event "Mulhouse 2010 - IM"]
[Site "Mulhouse"]
[Date "2010.07.??"]
[Round "7"]
[White "Hassler, Franck"]
[Black "Genzling, Alain"]
[Result "1/2-1/2"]
[WhiteElo "2213"]
[BlackElo "2405"]
[PlyCount "96"]
[EventDate "2010.07.??"]
[EventType "tourn"]
[EventCountry "FRA"]
[EventCategory "4"]
[WhiteTeamCountry "FRA"]
[BlackTeamCountry "FRA"]

1. d4 Nf6 2. Nf3 e6 3. e3 c5 4. c3 b6 5. Bd3 Bb7 6. Nbd2 d5 7. Ne5 Nbd7 8. f4
Be7 9. Qf3 Qc7 10. O-O Rf8 11. Qg3 g6 12. Qh3 h5 13. Ndf3 Nxe5 14. fxe5 Ne4 15.
Nd2 Ng5 16. Qg3 O-O-O 17. Nf3 Nh7 18. Bd2 Rg8 19. Qh3 Rdf8 20. Be1 Qd8 21. Bg3
Rg7 22. Be1 c4 23. Bc2 Rh8 24. Qg3 g5 25. Nd2 g4 26. e4 h4 27. Qe3 Ng5 28. Rf4
h3 29. Rxg4 Qg8 30. Bg3 hxg2 31. Kxg2 dxe4 32. Rf1 Nf3 33. Rxg7 Qxg7 34. Bxe4
Bxe4 35. Nxe4 Nh4+ 36. Kh1 Nf5 37. Qf3 Rh3 38. Rg1 Qh7 39. Qg2 Ne3 40. Qf3 Nf5
41. Rg2 Nh4 42. Qe2 Nxg2 43. Qxc4+ Kb7 44. Kxg2 Rxh2+ 45. Bxh2 Qxe4+ 46. Kh3
Qf5+ 47. Kg2 Qc2+ 48. Kh3 Qf5+ 1/2-1/2

[Event "Mulhouse 2010 - IM"]
[Site "Mulhouse"]
[Date "2010.??.??"]
[Round "7.4"]
[White "Bensdorp, Marlies"]
[Black "Ider, Borya"]
[Result "1-0"]
[WhiteElo "2309"]
[BlackElo "2284"]
[PlyCount "59"]
[EventDate "2010.07.??"]
[EventType "tourn"]
[EventCountry "FRA"]
[EventCategory "4"]
[WhiteTeamCountry "FRA"]
[BlackTeamCountry "FRA"]

1. d4 e6 2. c4 Nf6 3. Nf3 b6 4. g3 Ba6 5. Nbd2 Bb4 6. Qc2 Bb7 7. Bg2 Be4 8. Qb3
Bxd2+ 9. Bxd2 O-O 10. O-O d6 11. Rfd1 Nbd7 12. Rac1 Qe7 13. Qa3 a5 14. Bh3 h6
15. Ne5 Rfe8 16. Nxd7 Nxd7 17. f3 Bb7 18. e4 Kf8 19. Qe3 Rad8 20. Bc3 Nf6 21.
Bf1 Nd7 22. b3 e5 23. Bh3 f6 24. Rd2 Kg8 25. Re1 Nf8 26. f4 c5 27. d5 Bc8 28.
Bxc8 Rxc8 29. a4 Nd7 30. Rf2 1-0

[Event "Mulhouse 2010 - IM"]
[Site "Mulhouse"]
[Date "2010.07.??"]
[Round "8.5"]
[White "Genzling, Alain"]
[Black "Nass, Emile"]
[Result "1-0"]
[WhiteElo "2405"]
[BlackElo "2247"]
[PlyCount "95"]
[EventDate "2010.07.??"]
[EventType "tourn"]
[EventCountry "FRA"]
[EventCategory "4"]
[WhiteTeamCountry "FRA"]
[BlackTeamCountry "FRA"]

1. e4 e6 2. d3 d5 3. Nd2 Nf6 4. Ngf3 Bc5 5. e5 Nfd7 6. g3 f6 7. exf6 Qxf6 8.
Bg2 O-O 9. O-O e5 10. c4 d4 11. Ne4 Qe7 12. Nxc5 Qxc5 13. a3 Nf6 14. b4 Qe7 15.
Qe1 Re8 16. Ra2 Bf5 17. Qd1 c6 18. Re1 Bg4 19. h3 Bxf3 20. Bxf3 Qc7 21. Rae2
Nbd7 22. Bg2 a5 23. f4 exf4 24. Rxe8+ Rxe8 25. Rxe8+ Nxe8 26. Bxf4 Qb6 27. Qe2
Nef6 28. Qe6+ Kh8 29. b5 h6 30. Qd6 a4 31. Kh2 Kh7 32. bxc6 bxc6 33. Bxc6 Qb2+
34. Bg2 Qc3 35. Be5 Nxe5 36. Qxe5 Qxd3 37. c5 Qc4 38. c6 d3 39. c7 d2 40. Qf5+
g6 41. Qxf6 Qxc7 42. Bf3 Qc2 43. Qe7+ Kh8 44. Qd8+ Kh7 45. Qd7+ Kh8 46. Be2 Qc3
47. Qxa4 Qe3 48. Qa8+ 1-0

[Event "Mulhouse 2010 - IM"]
[Site "Mulhouse"]
[Date "2010.07.??"]
[Round "8.6"]
[White "Riff, Vincent"]
[Black "Hassler, Franck"]
[Result "1/2-1/2"]
[WhiteElo "2332"]
[BlackElo "2213"]
[PlyCount "21"]
[EventDate "2010.07.??"]
[EventType "tourn"]
[EventCountry "FRA"]
[EventCategory "4"]
[WhiteTeamCountry "FRA"]
[BlackTeamCountry "FRA"]

1. d4 Nf6 2. Nc3 d5 3. Bg5 e6 4. e4 dxe4 5. Nxe4 Be7 6. Bxf6 Bxf6 7. Nf3 O-O 8.
c3 b6 9. Bd3 Bb7 10. Qe2 Nd7 11. O-O-O 1/2-1/2

[Event "LUCOPEN 01st Op"]
[Site "Lille"]
[Date "2010.04.03"]
[Round "1.1"]
[White "Gharamian, Tigran"]
[Black "Sobry, Sebastien"]
[Result "1-0"]
[WhiteElo "2597"]
[BlackElo "2067"]
[PlyCount "59"]
[EventDate "2010.04.??"]
[EventType "swiss"]
[EventRounds "7"]
[EventCountry "FRA"]
[WhiteTeamCountry "FRA"]
[BlackTeamCountry "FRA"]

1. e4 c5 2. Nf3 e6 3. d4 cxd4 4. Nxd4 a6 5. Bd3 Bc5 6. Nb3 Ba7 7. Qg4 Qf6 8. f4
h5 9. Qh3 d6 10. Nc3 Nc6 11. Bd2 Qe7 12. g4 Bd7 13. O-O-O Nf6 14. Be2 O-O-O 15.
g5 Ne8 16. Be3 Kb8 17. Bxa7+ Nxa7 18. Qe3 Bc6 19. Rd2 g6 20. Rhd1 Nc7 21. Na5
Rhe8 22. Nc4 Nc8 23. a4 Na8 24. b4 Nc7 25. Na5 Na7 26. b5 axb5 27. axb5 Naxb5
28. Nxc6+ bxc6 29. Qb6+ Kc8 30. Qxc6 1-0

[Event "LUCOPEN 01st Op"]
[Site "Lille"]
[Date "2010.04.03"]
[Round "1.2"]
[White "Lesot, Jeremy"]
[Black "Degraeve, Jean Marc"]
[Result "0-1"]
[WhiteElo "2061"]
[BlackElo "2563"]
[PlyCount "94"]
[EventDate "2010.04.??"]
[EventType "swiss"]
[EventRounds "7"]
[EventCountry "FRA"]
[WhiteTeamCountry "FRA"]
[BlackTeamCountry "FRA"]

1. e4 Nf6 2. e5 Nd5 3. d4 d6 4. c4 Nb6 5. exd6 exd6 6. Bd3 Be7 7. Ne2 O-O 8.
Nbc3 Nc6 9. Be3 Bg4 10. b3 Re8 11. O-O Bf6 12. Qd2 d5 13. c5 Nc8 14. f3 Bh5 15.
Rad1 Bg6 16. Rfe1 N8e7 17. Bxg6 Nxg6 18. Ng3 Bh4 19. Bf2 Rxe1+ 20. Rxe1 Nf8 21.
a3 Ne6 22. b4 a6 23. Rb1 g6 24. a4 Bf6 25. Nge2 h5 26. b5 axb5 27. axb5 Ne7 28.
Nf4 Nxf4 29. Qxf4 Nf5 30. g4 hxg4 31. fxg4 Ng7 32. Nxd5 Qxd5 33. Qxf6 Qe4 34.
Rf1 Qxg4+ 35. Kh1 Nf5 36. Qe5 c6 37. bxc6 bxc6 38. Rb1 Kh7 39. Rf1 Ra7 40. Qe8
Qf3+ 41. Kg1 Re7 42. Qf8 Qg4+ 43. Kh1 Qe4+ 44. Kg1 Nxd4 45. Bxd4 Qxd4+ 46. Kh1
Qd5+ 47. Kg1 Qxc5+ 0-1

[Event "LUCOPEN 01st Op"]
[Site "Lille"]
[Date "2010.04.03"]
[Round "1.3"]
[White "Abbasov, Farid"]
[Black "Koetz, Andreas"]
[Result "1-0"]
[WhiteElo "2549"]
[BlackElo "2058"]
[PlyCount "69"]
[EventDate "2010.04.??"]
[EventType "swiss"]
[EventRounds "7"]
[EventCountry "FRA"]
[WhiteTeamCountry "FRA"]
[BlackTeamCountry "FRA"]

1. d4 Nf6 2. c4 g6 3. Nc3 Bg7 4. e4 d6 5. Nf3 O-O 6. h3 e5 7. d5 Na6 8. Bg5 Qe8
9. g4 Nd7 10. Rg1 Kh8 11. Be2 Ndc5 12. Qd2 Bd7 13. O-O-O Nb4 14. Kb1 a5 15. h4
f6 16. Be3 Kg8 17. h5 g5 18. Nh2 h6 19. Nf1 a4 20. Ng3 Nb3 21. Qe1 Rf7 22. Nb5
Na6 23. axb3 axb3 24. Qc3 Bf8 25. Qxb3 c6 26. dxc6 bxc6 27. Nxd6 Bxd6 28. Rxd6
c5 29. Nf5 Ba4 30. Qb6 Nb4 31. Nxh6+ Kh7 32. Nxf7 Qxf7 33. Rxf6 Bc2+ 34. Kc1
Ra1+ 35. Kd2 1-0

[Event "LUCOPEN 01st Op"]
[Site "Lille"]
[Date "2010.04.03"]
[Round "1.4"]
[White "Dessenne, Francois"]
[Black "Riff, Jean Noel"]
[Result "0-1"]
[WhiteElo "2051"]
[BlackElo "2505"]
[PlyCount "49"]
[EventDate "2010.04.??"]
[EventType "swiss"]
[EventRounds "7"]
[EventCountry "FRA"]
[WhiteTeamCountry "FRA"]
[BlackTeamCountry "FRA"]

1. e4 c5 2. Nf3 d6 3. d4 Nf6 4. Nc3 cxd4 5. Nxd4 e6 6. Bc4 Be7 7. Be3 O-O 8.
Qe2 a6 9. O-O-O b5 10. Bb3 b4 11. Na4 Bd7 12. e5 Nd5 13. exd6 Bxd6 14. Nf5 Nxe3
15. Qxe3 Bc7 16. Qf3 Qg5+ 17. Ne3 Bc6 18. Qe2 Nd7 19. Kb1 Qb5 20. Qg4 Nf6 21.
Qd4 Rfd8 22. Qc5 Ne4 23. Rxd8+ Bxd8 24. Qd4 Bf6 25. Qb6 0-1

[Event "LUCOPEN 01st Op"]
[Site "Lille"]
[Date "2010.04.03"]
[Round "1.5"]
[White "Wirig, Anthony"]
[Black "Atanasiu, Nicolae"]
[Result "1/2-1/2"]
[WhiteElo "2504"]
[BlackElo "2034"]
[PlyCount "102"]
[EventDate "2010.04.??"]
[EventType "swiss"]
[EventRounds "7"]
[EventCountry "FRA"]
[WhiteTeamCountry "FRA"]
[BlackTeamCountry "FRA"]

1. c4 b6 2. Nc3 Bb7 3. d4 e6 4. Nf3 f5 5. Bf4 Nf6 6. e3 Bb4 7. Bd3 O-O 8. h3
Bxc3+ 9. bxc3 Nc6 10. g4 Na5 11. gxf5 Ne4 12. Rg1 exf5 13. Ng5 Qe8 14. d5 Nd6
15. c5 bxc5 16. Qa4 Bxd5 17. Qxa5 Nb7 18. Qa4 d6 19. Bb5 c6 20. Ba6 h6 21. Bxb7
hxg5 22. Bxd6 Qd7 23. Bxa8 Qxd6 24. O-O-O Qe5 25. Qa5 Rxa8 26. Qxc5 Rb8 27. Qd4
Qe7 28. Kd2 Bf3 29. Qc4+ Kh7 30. Rb1 Rd8+ 31. Kc2 Be4+ 32. Kb2 Rd2+ 33. Ka1 Bd5
34. Qa4 Rxf2 35. Rb2 Rxb2 36. Kxb2 Qxe3 37. Qd1 Qxh3 38. Rxg5 g6 39. Qg1 Qd3
40. Qh2+ Kg7 41. Rg1 Qe3 42. Rf1 Qe7 43. Qd2 Qc5 44. Ka1 Kf6 45. Rc1 Qc4 46.
Qh2 f4 47. Qh4+ Kf5 48. Qh3+ Ke5 49. Qh8+ Kf5 50. Qh3+ Kf6 51. Qh4+ Kf5 1/2-1/2

[Event "LUCOPEN 01st Op"]
[Site "Lille"]
[Date "2010.04.03"]
[Round "1.6"]
[White "Schott, Raimund"]
[Black "Barsov, Alexei"]
[Result "0-1"]
[WhiteElo "2034"]
[BlackElo "2489"]
[PlyCount "64"]
[EventDate "2010.04.??"]
[EventType "swiss"]
[EventRounds "7"]
[EventCountry "FRA"]
[WhiteTeamCountry "FRA"]
[BlackTeamCountry "FRA"]

1. e4 e6 2. d4 d5 3. Nd2 c5 4. exd5 Qxd5 5. Ngf3 cxd4 6. Bc4 Qd6 7. O-O Nf6 8.
Nb3 Nc6 9. Nbxd4 Nxd4 10. Nxd4 a6 11. Re1 Qc7 12. Bb3 Bd6 13. Nf5 Bxh2+ 14. Kh1
O-O 15. Nxg7 Rd8 16. Qf3 Kxg7 17. Bh6+ Kg6 18. c3 Nh5 19. Re4 Kxh6 20. Rh4 Qe5
21. Qxf7 Rd7 22. Qf8+ Kg5 23. Rxh2 Qf5 24. f4+ Kg6 25. Bc2 Qxc2 26. Qe8+ Rf7
27. Rxh5 Kxh5 28. Qxf7+ Qg6 29. Qf8 Bd7 30. Qc5+ Kh6 31. Qe3 Rg8 32. f5+ Qg5
0-1

[Event "LUCOPEN 01st Op"]
[Site "Lille"]
[Date "2010.04.03"]
[Round "1.8"]
[White "Lechelle, William"]
[Black "Meijers, Viesturs"]
[Result "0-1"]
[WhiteElo "2025"]
[BlackElo "2476"]
[PlyCount "94"]
[EventDate "2010.04.??"]
[EventType "swiss"]
[EventRounds "7"]
[EventCountry "FRA"]
[WhiteTeamCountry "FRA"]
[BlackTeamCountry "FRA"]

1. b4 d5 2. Bb2 e6 3. e3 Nf6 4. b5 a6 5. a4 Bd6 6. Nf3 O-O 7. Be2 Nbd7 8. c4
dxc4 9. Na3 axb5 10. axb5 c3 11. dxc3 e5 12. Nc4 Rxa1 13. Qxa1 e4 14. Nfd2 Be7
15. Na5 Nc5 16. Ba3 Re8 17. Nab3 Nd3+ 18. Bxd3 Qxd3 19. Bxe7 Rxe7 20. c4 Bg4
21. Nc1 Qd6 22. h3 Be6 23. Ncb3 Re8 24. Qd4 Qe7 25. O-O Bc8 26. Ra1 Rd8 27. Qc3
h6 28. Ra8 Kh7 29. Nd4 Qe5 30. Qc2 g6 31. Nf1 Re8 32. Ng3 h5 33. Ra1 h4 34.
Nge2 Kh6 35. Qc3 g5 36. Ra5 b6 37. Ra8 Kg6 38. Nc6 Qxc3 39. Nxc3 Be6 40. Ra7
Bxc4 41. Rxc7 Kg7 42. Ne7 Be6 43. Na4 g4 44. hxg4 Ra8 45. Nxb6 Ra1+ 46. Kh2
Nxg4+ 47. Kh3 Rh1# 0-1

[Event "LUCOPEN 01st Op"]
[Site "Lille"]
[Date "2010.04.03"]
[Round "1.9"]
[White "Doncea, Vladimir"]
[Black "Mauquoi, Rudi"]
[Result "1-0"]
[WhiteElo "2475"]
[BlackElo "2022"]
[PlyCount "121"]
[EventDate "2010.04.??"]
[EventType "swiss"]
[EventRounds "7"]
[EventCountry "FRA"]
[WhiteTeamCountry "FRA"]
[BlackTeamCountry "FRA"]

1. d4 Nf6 2. Nf3 b6 3. Bg5 Bb7 4. Nc3 d5 5. e3 Nbd7 6. Ne5 c6 7. Bd3 h6 8. Ng6
Rg8 9. Bh4 e6 10. Nxf8 Nxf8 11. f4 Ng6 12. Bxg6 fxg6 13. Qd3 Kf7 14. Nd1 a5 15.
c3 Ba6 16. Qc2 Qd7 17. Nf2 c5 18. O-O-O Qc6 19. Rhe1 Rac8 20. e4 cxd4 21. Rxd4
Qc5 22. Bxf6 gxf6 23. exd5 Qxd4 24. dxe6+ Ke7 25. cxd4 Rxc2+ 26. Kxc2 Rd8 27.
Ng4 h5 28. Nh6 Rh8 29. Nf7 Rc8+ 30. Kb3 Bc4+ 31. Ka3 Bxe6 32. d5 Kxf7 33. Rxe6
Rd8 34. Rxb6 Rxd5 35. g3 Rd2 36. h4 Rd4 37. Rb5 Rd3+ 38. Rb3 Rd4 39. Rb5 Rd3+
40. Rb3 Rd4 41. Re3 Rb4 42. b3 Rd4 43. Kb2 Rd2+ 44. Kb1 Kf8 45. a3 Kf7 46. b4
axb4 47. axb4 Rd4 48. Rb3 Ke7 49. Kc2 Rd5 50. Re3+ Kf7 51. Kc3 Rd1 52. b5 Rb1
53. Kc4 Rc1+ 54. Kd5 Rb1 55. Kc6 Rc1+ 56. Kb7 Rb1 57. b6 Rb2 58. Kc7 Rc2+ 59.
Kb8 Rb2 60. b7 Rb1 61. Ra3 1-0

[Event "LUCOPEN 01st Op"]
[Site "Lille"]
[Date "2010.04.03"]
[Round "1.10"]
[White "Menneveux, Jerome"]
[Black "Okhotnik, Vladimir"]
[Result "0-1"]
[WhiteElo "2016"]
[BlackElo "2458"]
[PlyCount "60"]
[EventDate "2010.04.??"]
[EventType "swiss"]
[EventRounds "7"]
[EventCountry "FRA"]
[WhiteTeamCountry "FRA"]
[BlackTeamCountry "FRA"]

1. e4 c5 2. Nf3 Nf6 3. Nc3 e6 4. d4 d5 5. exd5 Nxd5 6. Bd3 cxd4 7. Nb5 Bb4+ 8.
Bd2 Bxd2+ 9. Qxd2 Nc6 10. Nbxd4 Nxd4 11. Nxd4 O-O 12. O-O Qf6 13. Rfe1 Rd8 14.
Re4 Bd7 15. Rae1 Bc6 16. Nxc6 bxc6 17. c3 Rd7 18. Bc2 Rad8 19. Qd4 Qxd4 20.
Rxd4 c5 21. Rdd1 Kf8 22. Kf1 Ke7 23. Rd2 Ne3+ 24. Rxe3 Rxd2 25. Re2 f5 26. Ke1
Rxe2+ 27. Kxe2 g5 28. Bd3 Kf6 29. b4 cxb4 30. cxb4 Ke5 0-1

[Event "LUCOPEN 01st Op"]
[Site "Lille"]
[Date "2010.04.04"]
[Round "2.1"]
[White "Vandenbussche, Thibaut"]
[Black "Gharamian, Tigran"]
[Result "0-1"]
[WhiteElo "2293"]
[BlackElo "2597"]
[PlyCount "104"]
[EventDate "2010.04.??"]
[EventType "swiss"]
[EventRounds "7"]
[EventCountry "FRA"]
[WhiteTeamCountry "FRA"]
[BlackTeamCountry "FRA"]

1. e4 c5 2. Nf3 e6 3. d4 cxd4 4. Nxd4 a6 5. Bd3 d5 6. exd5 Qxd5 7. O-O Nd7 8.
Be3 Bc5 9. Nc3 Qe5 10. Nf3 Qc7 11. Bg5 Ngf6 12. Qe2 b6 13. Ne4 Bb7 14. Rad1 O-O
15. Nxf6+ Nxf6 16. Ne5 Rfd8 17. Rfe1 Rd5 18. Bxf6 gxf6 19. Ng4 Kg7 20. Be4 Rxd1
21. Rxd1 Bxe4 22. Qxe4 Rd8 23. Rd3 Rxd3 24. Qxd3 Qf4 25. h3 Qc1+ 26. Kh2 h5 27.
Ne3 Qxb2 28. Qxa6 Qe5+ 29. Kg1 Bxe3 30. fxe3 Qxe3+ 31. Kh2 Qf4+ 32. Kh1 Qc1+
33. Kh2 Qxc2 34. Qxb6 Qxa2 35. Qc5 Qe2 36. Qb4 Qe3 37. Qh4 Qg5 38. Qf2 h4 39.
Qc2 Qf4+ 40. Kg1 Qe3+ 41. Kh1 Qe1+ 42. Kh2 Qe5+ 43. Kg1 f5 44. Qc1 Qg3 45. Qc5
e5 46. Qc8 f4 47. Qf5 f3 48. Qxf3 Qxf3 49. gxf3 Kg6 50. Kf2 Kf5 51. Ke3 f6 52.
Ke2 Kf4 0-1

[Event "LUCOPEN 01st Op"]
[Site "Lille"]
[Date "2010.04.04"]
[Round "2.3"]
[White "Platel, Alexandre"]
[Black "Abbasov, Farid"]
[Result "0-1"]
[WhiteElo "2216"]
[BlackElo "2549"]
[PlyCount "80"]
[EventDate "2010.04.??"]
[EventType "swiss"]
[EventRounds "7"]
[EventCountry "FRA"]
[WhiteTeamCountry "FRA"]
[BlackTeamCountry "FRA"]

1. e4 g6 2. d4 Bg7 3. Nf3 d6 4. Nbd2 c5 5. c3 cxd4 6. cxd4 Nf6 7. Bd3 O-O 8.
O-O Nc6 9. Nb3 Bg4 10. h3 Bxf3 11. Qxf3 Nd7 12. Be3 a5 13. a4 e5 14. dxe5 Ndxe5
15. Qe2 Nxd3 16. Qxd3 Bxb2 17. Rab1 Be5 18. Nd2 Qe7 19. Qb5 Rab8 20. Nc4 Bc3
21. Nb6 Bg7 22. Qd5 Rfe8 23. f3 Qe6 24. Nc4 Qxd5 25. exd5 Nb4 26. Ba7 Ra8 27.
Nxd6 Red8 28. Bc5 b6 29. Bxb4 axb4 30. Nb5 Rxa4 31. d6 Bh6 32. Rfe1 Ra5 33. Re5
f6 34. Rd5 Be3+ 35. Kf1 Bc5 36. Nd4 Rxd6 37. Rxd6 Bxd6 38. Nc6 Rc5 39. Nd4 Rc4
40. Nb3 Rc3 0-1

[Event "LUCOPEN 01st Op"]
[Site "Lille"]
[Date "2010.04.04"]
[Round "2.4"]
[White "Riff, Jean Noel"]
[Black "Weill, Roland"]
[Result "1-0"]
[WhiteElo "2505"]
[BlackElo "2213"]
[PlyCount "91"]
[EventDate "2010.04.??"]
[EventType "swiss"]
[EventRounds "7"]
[EventCountry "FRA"]
[WhiteTeamCountry "FRA"]
[BlackTeamCountry "FRA"]

1. e4 e5 2. Nf3 Nc6 3. Bb5 a6 4. Ba4 d6 5. c3 Nf6 6. O-O Be7 7. Re1 Bd7 8. d4
O-O 9. Nbd2 Re8 10. Nf1 h6 11. Ng3 Bf8 12. h3 g6 13. Bc2 Bg7 14. Be3 Kh7 15.
Qd2 Qe7 16. Rad1 Rad8 17. b4 Qf8 18. d5 Ne7 19. c4 Nfg8 20. c5 Kh8 21. Rc1 f5
22. exf5 gxf5 23. cxd6 cxd6 24. Nh5 f4 25. Bb6 Rc8 26. Kh1 Qf7 27. Nxg7 Qxg7
28. Bb1 Nf6 29. Bc7 Rg8 30. Rg1 Ne8 31. Ba5 Rxc1 32. Qxc1 Nxd5 33. Nh4 Ne7 34.
Bd8 Bc6 35. f3 Nf6 36. Bxe7 Qxe7 37. Ng6+ Rxg6 38. Bxg6 Qe6 39. Qd2 Nd5 40. Be4
Ne3 41. Bxc6 bxc6 42. Qd3 d5 43. Qxa6 e4 44. fxe4 dxe4 45. b5 f3 46. Qa8+ 1-0

[Event "LUCOPEN 01st Op"]
[Site "Lille"]
[Date "2010.04.04"]
[Round "2.7"]
[White "Meijers, Viesturs"]
[Black "Dal Borgo, Albin"]
[Result "1/2-1/2"]
[WhiteElo "2476"]
[BlackElo "2172"]
[PlyCount "92"]
[EventDate "2010.04.??"]
[EventType "swiss"]
[EventRounds "7"]
[EventCountry "FRA"]
[WhiteTeamCountry "FRA"]
[BlackTeamCountry "FRA"]

1. e4 e5 2. Nf3 Nc6 3. Bb5 a6 4. Bxc6 dxc6 5. O-O Be7 6. Nc3 Bf6 7. d3 Ne7 8.
Bg5 Ng6 9. Qd2 Bg4 10. Bxf6 Qxf6 11. Ne1 O-O 12. h3 Be6 13. Ne2 c5 14. b3 a5
15. a4 b6 16. Rd1 Rad8 17. f4 exf4 18. Nxf4 Nxf4 19. Rxf4 Qb2 20. Nf3 f6 21. h4
c4 22. bxc4 Bxc4 23. Rf1 Be6 24. d4 Bd7 25. e5 fxe5 26. Nxe5 Bxa4 27. Rxf8+
Rxf8 28. Rxf8+ Kxf8 29. Qf4+ Ke8 30. Qf7+ Kd8 31. Qg8+ Be8 32. Nc6+ Kd7 33.
Qd5+ Kc8 34. Ne7+ Kb8 35. Qd8+ Kb7 36. Qc8+ Ka7 37. Qxc7+ Ka6 38. c3 Qc1+ 39.
Kh2 Qe1 40. Qc4+ Bb5 41. Qc8+ Ka7 42. Qc7+ Ka6 43. Nf5 Bd3 44. Qc8+ Ka7 45.
Qc7+ Ka6 46. Qc8+ Ka7 1/2-1/2

[Event "LUCOPEN 01st Op"]
[Site "Lille"]
[Date "2010.04.04"]
[Round "2.12"]
[White "Verstraeten, Reinaert"]
[Black "Genzling, Alain"]
[Result "0-1"]
[WhiteElo "1953"]
[BlackElo "2398"]
[PlyCount "85"]
[EventDate "2010.04.??"]
[EventType "swiss"]
[EventRounds "7"]
[EventCountry "FRA"]
[WhiteTeamCountry "FRA"]
[BlackTeamCountry "FRA"]

1. e4 c5 2. Nc3 g6 3. Nf3 Bg7 4. d4 cxd4 5. Nxd4 Nc6 6. Be3 Nf6 7. Nxc6 bxc6 8.
e5 Ng8 9. f4 Nh6 10. Qd3 O-O 11. O-O-O d6 12. exd6 exd6 13. Bd4 Bxd4 14. Qxd4
Nf5 15. Qd2 d5 16. g4 Nd6 17. Rg1 Qb6 18. Qd4 Qxd4 19. Rxd4 f5 20. g5 Ne4 21.
Nd1 Be6 22. Ne3 c5 23. Ra4 Rfd8 24. Ra6 Rd6 25. Rxd6 Nxd6 26. Be2 Re8 27. Bf3
Ne4 28. Rd1 d4 29. Ng4 Kg7 30. Ne5 Rc8 31. a3 a5 32. h4 Bd5 33. h5 gxh5 34.
Bxh5 Ng3 35. Bf3 Bxf3 36. Nxf3 Ne2+ 37. Kd2 Nxf4 38. Rf1 Nd5 39. Nh4 f4 40. Rf3
Rb8 41. Ng2 Rxb2 42. Nxf4 Nxf4 43. Rxf4 0-1

[Event "LUCOPEN 01st Op"]
[Site "Lille"]
[Date "2010.04.04"]
[Round "2.15"]
[White "Riff, Vincent"]
[Black "Mousain, Antoine"]
[Result "1-0"]
[WhiteElo "2333"]
[BlackElo "1935"]
[PlyCount "60"]
[EventDate "2010.04.??"]
[EventType "swiss"]
[EventRounds "7"]
[EventCountry "FRA"]
[WhiteTeamCountry "FRA"]
[BlackTeamCountry "FRA"]

1. e4 c5 2. Nf3 d6 3. c3 Nf6 4. h3 g6 5. Bd3 Bg7 6. O-O Nc6 7. Bc2 O-O 8. d4
cxd4 9. cxd4 Bd7 10. Nc3 Rc8 11. Bg5 a6 12. Re1 b5 13. a3 h6 14. Be3 Na5 15. e5
dxe5 16. dxe5 Ne8 17. Qc1 Kh7 18. Rd1 Nc4 19. e6 fxe6 20. Nh4 Nxe3 21. Qxe3 Rf5
22. Bxf5 exf5 23. Nf3 Rc6 24. Ne5 Rd6 25. Nf7 Rxd1+ 26. Rxd1 Qc8 27. Qxe7 Nf6
28. Ne5 Bc6 29. Rd6 Nd5 30. Qf7 Nxc3 1-0